01027 2200325 4500001002100000005001500021035002000036007000300056008004100059020002200100082001500122084001700137100002800154245012600182250003400308300004800342500001100390650003400401700003500435504002500470264003200495336002100527337003000548338002300578040002200601090002200623850001200645999002200657990002200679INLIS00000000088638720240513094026 a0010-0524000218ta240513s2023 yoia g 001 | ind d a978-623-02-7346-904223a352.63 a352.63 FAL m0 aFalih SuaediePengarang10aManajemen publik dan kebijakan publik era governance :bteori, isu, dan kompleksitas /cFalih Suaedi, Ramaditya Rahardian aCetakan Pertama, Oktober 2023 aviii, 175 halaman :bgambar, tabel ;c23 cm aIndeks 4aPelayanan publik--xManajemen0 aRamaditya RahardianePengarang aTermasuk bibliografi31aSleman :bDeepublish,c2023 2rdacontentateks 2rdamediaatanpa perantara 2rdacarrieravolume aYOPDYOGbinderda aCB-D.11 2023-4916 aYOPDYOG aCB-D.11/2023-4916 aCB-D.11/2023-4916